[Event "ESP-ch Gp B"]
[Site "Cala Mendia"]
[Date "2001.11.21"]
[Round "5"]
[White "Garcia Ilundain, David"]
[Black "Franco Ocampos, Zenon"]
[Result "1/2-1/2"]
[WhiteElo "2467"]
[BlackElo "2522"]
[PlyCount "47"]
[EventDate "2001.11.17"]
[EventType "tourn"]
[EventRounds "5"]
[EventCountry "ESP"]
[EventCategory "10"]
[SourceTitle "CBM 086"]
[Source "ChessBase"]
[SourceDate "2002.02.05"]
[SourceVersion "1"]
[SourceVersionDate "2002.02.05"]
[SourceQuality "1"]

1. d4 Nf6 2. Nf3 e6 3. g3 c5 4. Bg2 Nc6 5. 0-0 d5 6. c4 dxc4 7. Ne5 Bd7 8. Na3 cxd4 9. Naxc4 Be7 10. Qb3 Nxe5 11. Nxe5 Qb6 12. Bxb7 Rb8 13. Qxb6 axb6 14. Bf3 Rc8 15. Rd1 Bc5 16. b3 Bb4 17. Bb2 Bc3 18. Bxc3 dxc3 19. Rac1 Rc5 20. Nc4 b5 21. Nd6+ Ke7 22. b4 Rc7 23. Nb7 Ra8 24. Nc5 1/2-1/2

[Event "ESP-ch Gp B"]
[Site "Cala Mendia"]
[Date "2001.11.19"]
[Round "3"]
[White "Garcia Ilundain, David"]
[Black "Comas Fabrego, Luis"]
[Result "0-1"]
[WhiteElo "2467"]
[BlackElo "2510"]
[PlyCount "196"]
[EventDate "2001.11.17"]
[EventType "tourn"]
[EventRounds "5"]
[EventCountry "ESP"]
[EventCategory "10"]
[SourceTitle "CBM 086"]
[Source "ChessBase"]
[SourceDate "2002.02.05"]
[SourceVersion "1"]
[SourceVersionDate "2002.02.05"]
[SourceQuality "1"]

1. d4 Nf6 2. Nf3 g6 3. g3 Bg7 4. Bg2 0-0 5. 0-0 d6 6. c3 Bf5 7. Re1 c6 8. Nh4 Be4 9. Bh3 c5 10. dxc5 dxc5 11. Qxd8 Rxd8 12. Nd2 Bc6 13. e4 Nfd7 14. Nc4 Bb5 15. Bf1 Nc6 16. f4 Bxc4 17. Bxc4 e6 18. Be3 a6 19. Rad1 Bf8 20. Bf1 Nf6 21. e5 Nd5 22. Bf2 Nb6 23. b3 Nd5 24. Rc1 Rac8 25. Nf3 Be7 26. Red1 h6 27. h4 g5 28. hxg5 hxg5 29. c4 Nb6 30. fxg5 Nd7 31. Bg2 b6 32. g6 Ndxe5 33. gxf7+ Kxf7 34. Nxe5+ Nxe5 35. Be3 Ng4 36. Rf1+ Kg7 37. Rce1 Bf6 38. Rxf6 Kxf6 39. Rf1+ Kg7 40. Bc1 Rf8 41. Re1 Rce8 42. Bh3 Nf2 43. Bf1 e5 44. Bb2 Ng4 45. Be2 Nf6 46. Bf3 Kg6 47. Rxe5 Rxe5 48. Bxe5 Rf7 49. Bf4 Re7 50. Kf2 Kf5 51. Be3 Ne4+ 52. Ke2 Nxg3+ 53. Kd3 Ne4 54. b4 Rd7+ 55. Kc2 cxb4 56. Bxe4+ Kxe4 57. Bxb6 Rd3 58. Ba5 Kd4 59. Bxb4 Kxc4 60. Bd2 Rg3 61. Bf4 Rg2+ 62. Kb1 a5 63. Be5 a4 64. Bf6 Rf2 65. Be5 Kd3 66. a3 Kc4 67. Bd6 Kb3 68. Kc1 Rf6 69. Bb4 Rc6+ 70. Kb1 Rc2 71. Be7 Rb2+ 72. Kc1 Ka2 73. Bf8 Rb8 74. Be7 Rc8+ 75. Kd2 Kb2 76. Bb4 Rd8+ 77. Ke2 Kb3 78. Bc5 Rd5 79. Bb4 Kc2 80. Bd6 Kc3 81. Bb4+ Kc2 82. Ke3 Rd8 83. Ke4 Kb3 84. Bc5 Rb8 85. Bd6 Rb5 86. Ke3 Kc3 87. Ke4 Rb3 88. Be5+ Kc2 89. Bd6 Kb2 90. Kd4 Kc2 91. Kc4 Rb7 92. Bf8 Kb2 93. Bb4 Ka2 94. Bd6 Rb6 95. Bc5 Rb7 96. Ba7 Rxa7 97. Kb5 Ra8 98. Kb4 Ra7 0-1

[Event "ESP-ch Gp B"]
[Site "Cala Mendia"]
[Date "2001.11.18"]
[Round "2"]
[White "San Segundo Carrillo, Pablo"]
[Black "Garcia Ilundain, David"]
[Result "1-0"]
[WhiteElo "2528"]
[BlackElo "2467"]
[PlyCount "80"]
[EventDate "2001.11.17"]
[EventType "tourn"]
[EventRounds "5"]
[EventCountry "ESP"]
[EventCategory "10"]
[SourceTitle "CBM 086"]
[Source "ChessBase"]
[SourceDate "2002.02.05"]
[SourceVersion "1"]
[SourceVersionDate "2002.02.05"]
[SourceQuality "1"]

1. Nf3 d6 2. d4 f5 3. g3 Nf6 4. Bg2 g6 5. b4 Bg7 6. Bb2 0-0 7. 0-0 c6 8. c4 d5 9. c5 Ne4 10. Ne5 f4 11. Qb3 Ng5 12. gxf4 Rxf4 13. Nd2 Nd7 14. Qg3 Rf5 15. f4 Nxe5 16. dxe5 Ne6 17. h4 Qf8 18. e3 d4 19. Bxd4 Nxd4 20. exd4 Bh6 21. Ne4 Bxf4 22. Qb3+ Kh8 23. Ng3 Qh6 24. e6 Be3+ 25. Kh2 Qxh4+ 26. Bh3 Bf4 27. Kg2 Bxe6 28. Rxf4 Qxf4 29. Qxe6 Qf2+ 30. Kh1 Qxg3 31. Bxf5 gxf5 32. Qe5+ Qxe5 33. dxe5 Rd8 34. Kg2 Rd4 35. a3 Kg7 36. Kf3 Kf7 37. Rh1 Ke6 38. Rxh7 Re4 39. Rh8 Kxe5 40. Rb8 b6 1-0

[Event "ESP-chT"]
[Site "Cala Galdana"]
[Date "2001.10.17"]
[Round "5"]
[White "Adams, Michael"]
[Black "Garcia Ilundain, David"]
[Result "1/2-1/2"]
[WhiteElo "2731"]
[BlackElo "2467"]
[PlyCount "123"]
[EventDate "2001.10.13"]
[EventType "team"]
[EventRounds "9"]
[EventCountry "ESP"]
[SourceTitle "CBM 084 Extra"]
[Source "ChessBase"]
[SourceDate "2001.10.26"]
[SourceVersion "1"]
[SourceVersionDate "2001.10.26"]
[SourceQuality "1"]

1. e4 c5 2. Nf3 d6 3. d4 cxd4 4. Nxd4 Nf6 5. Nc3 Nc6 6. Bg5 e6 7. Qd2 h6 8. Bxf6 gxf6 9. 0-0-0 a6 10. f4 Bd7 11. Kb1 Qb6 12. Nf3 0-0-0 13. Bc4 h5 14. g3 Be7 15. Bb3 Kb8 16. Rhf1 Qc5 17. f5 Na5 18. Nh4 Rdg8 19. Rf4 Bc8 20. Qe2 Nc6 21. Rdf1 Ne5 22. Rd1 Ng4 23. Rf3 Ne5 24. Rff1 Ng4 25. Rd3 Bd8 26. Nf3 Ne5 27. Rdd1 Nxf3 28. Qxf3 Qe5 29. Ne2 h4 30. Nf4 hxg3 31. hxg3 Rh2 32. g4 Rh4 33. Nh3 Qb5 34. Rg1 Qb6 35. a3 Ka8 36. Nf4 Re8 37. Nh5 Rh2 38. Rgf1 Be7 39. Qc3 Rg2 40. Nxf6 Rd8 41. Qf3 Rh2 42. Nh5 Qc5 43. Nf4 Rdh8 44. Rh1 Bf6 45. Rxh2 Rxh2 46. Nd3 Qd4 47. g5 Bxg5 48. Qg3 Rh5 49. fxe6 fxe6 50. Qg4 Qh8 51. Bxe6 Rh4 52. Qf5 Bxe6 53. Qxe6 Qf6 54. Qc8+ Ka7 55. Nb4 Qe7 56. Nd5 Qxe4 57. Nc3 Qe5 58. Qc7 Rd4 59. Rh1 Qc5 60. Qg7 Bf4 61. Rh7 Qb6 62. Qe7 1/2-1/2

[Event "Malaga op 4th"]
[Site "Malaga"]
[Date "2001.03.01"]
[Round "7"]
[White "Garcia Ilundain, David"]
[Black "Peralta, Fernando"]
[Result "1/2-1/2"]
[WhiteElo "2479"]
[BlackElo "2408"]
[PlyCount "82"]
[EventDate "2001.02.23"]
[EventType "swiss"]
[EventRounds "9"]
[EventCountry "ESP"]
[SourceTitle "EXT 2002"]
[Source "ChessBase"]
[SourceDate "2001.11.25"]
[SourceVersion "1"]
[SourceVersionDate "2001.11.25"]
[SourceQuality "1"]

1. d4 f5 2. g3 Nf6 3. Bg2 e6 4. c4 c6 5. Nh3 d5 6. Qc2 Bd6 7. Bf4 Be7 8. Nd2 0-0 9. 0-0 Nh5 10. Nf3 Nd7 11. Bg5 h6 12. Bxe7 Qxe7 13. Nf4 Nxf4 14. gxf4 Kh8 15. Rac1 g5 16. Qd2 Rg8 17. Rc3 gxf4 18. cxd5 Qg7 19. Ne1 e5 20. dxe5 Nxe5 21. Qxf4 cxd5 22. Kh1 Be6 23. Qd4 Rge8 24. Rg3 Ng6 25. Nf3 Bf7 26. Qxg7+ Kxg7 27. Nd4 Kf6 28. Rh3 Rh8 29. Rc3 Rac8 30. Rfc1 Rxc3 31. Rxc3 Re8 32. e3 f4 33. Kg1 fxe3 34. fxe3 Ne5 35. b3 Ng4 36. Nc2 Re7 37. h3 Ne5 38. Nd4 a6 39. Kf2 Ng6 40. Bf3 Ne5 41. Bg2 Ng6 1/2-1/2

[Event "Malaga op 4th"]
[Site "Malaga"]
[Date "2001.02.28"]
[Round "6"]
[White "Rubio Doblas, Fco Javier"]
[Black "Garcia Ilundain, David"]
[Result "1/2-1/2"]
[WhiteElo "2051"]
[BlackElo "2479"]
[PlyCount "34"]
[EventDate "2001.02.23"]
[EventType "swiss"]
[EventRounds "9"]
[EventCountry "ESP"]
[SourceTitle "EXT 2002"]
[Source "ChessBase"]
[SourceDate "2001.11.25"]
[SourceVersion "1"]
[SourceVersionDate "2001.11.25"]
[SourceQuality "1"]

1. e4 c5 2. Nf3 d6 3. d4 cxd4 4. Nxd4 Nf6 5. Nc3 Nc6 6. Bc4 Qb6 7. Nb3 e6 8. Bg5 Bd7 9. 0-0 Ne5 10. Be2 Be7 11. Kh1 h6 12. Bh4 g5 13. Bg3 h5 14. Qd4 Qxd4 15. Nxd4 a6 16. Bxe5 dxe5 17. Nf3 Bb4 1/2-1/2

[Event "Balaguer op"]
[Site "Balaguer"]
[Date "2001.??.??"]
[Round "8"]
[White "Garcia Ilundain, David"]
[Black "Pascual Sauch, Angel"]
[Result "1-0"]
[WhiteElo "2479"]
[BlackElo "2130"]
[PlyCount "89"]
[EventDate "2001.??.??"]
[EventType "swiss"]
[EventRounds "9"]
[EventCountry "ESP"]
[SourceTitle "EXT 2002"]
[Source "ChessBase"]
[SourceDate "2001.11.25"]
[SourceVersion "1"]
[SourceVersionDate "2001.11.25"]
[SourceQuality "1"]

1. d4 Nf6 2. Nf3 e6 3. c4 Bb4+ 4. Bd2 Qe7 5. g3 Ne4 6. Bg2 0-0 7. 0-0 d5 8. Bf4 Bd6 9. Bxd6 Qxd6 10. Qc2 f5 11. Nc3 c6 12. Rab1 Nd7 13. b4 b6 14. cxd5 exd5 15. Nd2 Ba6 16. Ndxe4 fxe4 17. b5 cxb5 18. Qb3 Nf6 19. Nxe4 Nxe4 20. Bxe4 Bb7 21. Bg2 Kh8 22. Qxb5 Rac8 23. Qa4 a6 24. Qb4 Qxb4 25. Rxb4 b5 26. Rb2 Rc4 27. e3 Rfc8 28. Bh3 R8c7 29. Bf5 g6 30. Bd3 Rc3 31. Rd1 Bc8 32. Kg2 Bf5 33. Bxf5 gxf5 34. a4 bxa4 35. Ra1 a3 36. Rb6 Rd3 37. Rxa6 Rcc3 38. Kf3 Kg7 39. h3 h5 40. Rb1 Rb3 41. Rxb3 Rxb3 42. Kf4 Rb2 43. f3 a2 44. Kxf5 Rb3 45. Ra7+ 1-0

[Event "Balaguer op"]
[Site "Balaguer"]
[Date "2001.??.??"]
[Round "9"]
[White "Ramon Perez, Jose Luis"]
[Black "Garcia Ilundain, David"]
[Result "1/2-1/2"]
[WhiteElo "2277"]
[BlackElo "2479"]
[PlyCount "48"]
[EventDate "2001.??.??"]
[EventType "swiss"]
[EventRounds "9"]
[EventCountry "ESP"]
[SourceTitle "EXT 2002"]
[Source "ChessBase"]
[SourceDate "2001.11.25"]
[SourceVersion "1"]
[SourceVersionDate "2001.11.25"]
[SourceQuality "1"]

1. d4 Nf6 2. c4 e6 3. Nc3 Bb4 4. e3 c5 5. Bd3 0-0 6. Nge2 d5 7. cxd5 cxd4 8. exd4 Nxd5 9. 0-0 Re8 10. Bc2 Nc6 11. Qd3 g6 12. Bb3 Nxc3 13. bxc3 Bf8 14. Ng3 f5 15. Bf4 Kh8 16. Qe3 Bg7 17. Rad1 Bd7 18. Bg5 Qc7 19. Bh6 Bf6 20. Bg5 Bg7 21. Bh6 Bf6 22. Bg5 Qd8 23. h4 Qe7 24. Rfe1 Rad8 1/2-1/2

[Event "ESP-chT"]
[Site "Barcelona"]
[Date "2000.08.13"]
[Round "9"]
[White "Garcia Ilundain, David"]
[Black "Illescas Cordoba, Miguel Angel"]
[Result "1/2-1/2"]
[WhiteElo "2490"]
[BlackElo "2575"]
[PlyCount "27"]
[EventDate "2000.08.05"]
[EventType "team"]
[EventRounds "9"]
[EventCountry "ESP"]
[SourceTitle "CBM 077 Extra"]
[Source "ChessBase"]
[SourceDate "2000.09.14"]
[SourceVersion "1"]
[SourceVersionDate "2000.09.14"]
[SourceQuality "1"]

1. d4 d5 2. Nf3 Nf6 3. c4 dxc4 4. e3 e6 5. Bxc4 c5 6. 0-0 cxd4 7. exd4 Nc6 8. a3 Be7 9. Nc3 0-0 10. Re1 a6 11. d5 exd5 12. Nxd5 Nxd5 13. Bxd5 Bf6 14. Qb3 1/2-1/2

[Event "ESP-chT"]
[Site "Barcelona"]
[Date "2000.08.10"]
[Round "6"]
[White "Cramling, Pia"]
[Black "Garcia Ilundain, David"]
[Result "1-0"]
[WhiteElo "2484"]
[BlackElo "2490"]
[PlyCount "91"]
[EventDate "2000.08.05"]
[EventType "team"]
[EventRounds "9"]
[EventCountry "ESP"]
[SourceTitle "CBM 077 Extra"]
[Source "ChessBase"]
[SourceDate "2000.09.14"]
[SourceVersion "1"]
[SourceVersionDate "2000.09.14"]
[SourceQuality "1"]

1. d4 Nf6 2. c4 e6 3. Nc3 Bb4 4. Qc2 c5 5. dxc5 Bxc5 6. Nf3 Qb6 7. e3 Be7 8. Bd3 d6 9. b3 a6 10. Bb2 Qc7 11. 0-0 b6 12. Rac1 Bb7 13. Qe2 Nbd7 14. Bb1 0-0 15. Nd2 Rfe8 16. f4 Bf8 17. e4 Qc5+ 18. Kh1 Qh5 19. Rf3 Rac8 20. Rcf1 Rc5 21. b4 Rc7 22. Qe1 e5 23. Rh3 Qg4 24. f5 d5 25. Rh4 Qg5 26. Nf3 Qxh4 27. Qxh4 dxe4 28. Ng5 Rxc4 29. a3 h6 30. Nxf7 Kxf7 31. Ba2 Rec8 32. Rd1 Ke8 33. Bxc4 Rxc4 34. Qf2 Be7 35. Qe2 Rd4 36. Na2 Rxd1+ 37. Qxd1 Nd5 38. Qg4 e3 39. Nc1 Nf4 40. Kg1 Nxg2 41. Qxg7 Nf4 42. Bxe5 e2 43. Nxe2 Nxe2+ 44. Kf1 Nc1 45. Qg8+ Bf8 46. Bc7 1-0

[Event "Sant Boi op-A"]
[Site "Sant Boi de Llobregat"]
[Date "2000.05.26"]
[Round "3"]
[White "Garcia Ilundain, David"]
[Black "Bravo Barranco, Narciso"]
[Result "1-0"]
[WhiteElo "2501"]
[BlackElo "2290"]
[PlyCount "45"]
[EventDate "2000.05.12"]
[EventType "swiss"]
[EventRounds "7"]
[EventCountry "ESP"]
[SourceTitle "EXT 2003"]
[Source "ChessBase"]
[SourceDate "2002.11.25"]
[SourceVersion "1"]
[SourceVersionDate "2002.11.25"]
[SourceQuality "1"]

1. Nf3 Nf6 2. c4 c6 3. d4 d5 4. e3 Bf5 5. cxd5 Nxd5 6. Nbd2 Nf6 7. Ne5 Nfd7 8. Nxf7 Kxf7 9. Qf3 Kg6 10. e4 Be6 11. Bd3 Nf6 12. d5 Bg4 13. e5+ Kf7 14. Qg3 Bc8 15. exf6 exf6 16. dxc6 Bd6 17. Bc4+ Kf8 18. Qe3 Nxc6 19. 0-0 Nd4 20. Ne4 Be6 21. Rd1 Nf5 22. Bxe6 Nxe3 23. Bxe3 1-0

[Event "Sant Boi op-A"]
[Site "Sant Boi de Llobregat"]
[Date "2000.05.19"]
[Round "2"]
[White "Pinero Fernandez, Xavier"]
[Black "Garcia Ilundain, David"]
[Result "1/2-1/2"]
[WhiteElo "2228"]
[BlackElo "2501"]
[PlyCount "38"]
[EventDate "2000.05.12"]
[EventType "swiss"]
[EventRounds "7"]
[EventCountry "ESP"]
[SourceTitle "EXT 2003"]
[Source "ChessBase"]
[SourceDate "2002.11.25"]
[SourceVersion "1"]
[SourceVersionDate "2002.11.25"]
[SourceQuality "1"]

1. d4 f5 2. Bg5 c5 3. Nc3 h6 4. Bf4 cxd4 5. e3 Nf6 6. exd4 g5 7. Be5 Bg7 8. h4 g4 9. Bc4 Nc6 10. Nge2 Qa5 11. Bxf6 Bxf6 12. Qd3 e6 13. 0-0-0 d5 14. Bb3 Bd7 15. Kb1 0-0-0 16. Qe3 Rhe8 17. Nf4 Kb8 18. Ba4 Ka8 19. Bxc6 bxc6 1/2-1/2

[Event "Catalunya-ch"]
[Site "Barcelona"]
[Date "2000.??.??"]
[Round "3"]
[White "Perpinya Rofes, Lluis Maria"]
[Black "Garcia Ilundain, David"]
[Result "1-0"]
[WhiteElo "2274"]
[BlackElo "2501"]
[PlyCount "47"]
[EventDate "2000.??.??"]
[EventType "swiss"]
[EventRounds "9"]
[EventCountry "ESP"]
[SourceTitle "EXT 2001"]
[Source "ChessBase"]
[SourceDate "2000.11.22"]
[SourceVersion "1"]
[SourceVersionDate "2000.11.22"]
[SourceQuality "1"]

1. e4 d5 2. exd5 Qxd5 3. Nc3 Qd8 4. d4 Nf6 5. Nf3 c6 6. Bc4 Bf5 7. Ne5 e6 8. g4 Bg6 9. h4 Bb4 10. a3 Ba5 11. Rh3 Nbd7 12. Qe2 Nb6 13. h5 Bxc2 14. Nxf7 Qxd4 15. Nxh8 Qxc4 16. Qxc2 0-0-0 17. Nf7 Qxg4 18. Rg3 Qh4 19. Nxd8 Ne4 20. Qe2 Qh1+ 21. Qf1 Qxh5 22. Qh3 Nxg3 23. Qxh5 Nxh5 24. Nxe6 1-0

[Event "Catalunya-ch"]
[Site "Barcelona"]
[Date "2000.??.??"]
[Round "9"]
[White "Torrecillas Martinez, Antonio"]
[Black "Garcia Ilundain, David"]
[Result "0-1"]
[WhiteElo "2372"]
[BlackElo "2501"]
[PlyCount "76"]
[EventDate "2000.??.??"]
[EventType "swiss"]
[EventRounds "9"]
[EventCountry "ESP"]
[SourceTitle "EXT 2001"]
[Source "ChessBase"]
[SourceDate "2000.11.22"]
[SourceVersion "1"]
[SourceVersionDate "2000.11.22"]
[SourceQuality "1"]

1. Nf3 Nf6 2. c4 e6 3. g3 a6 4. Bg2 b5 5. b3 Bb7 6. 0-0 c5 7. Bb2 Be7 8. d3 0-0 9. Nbd2 d6 10. e3 Nc6 11. Qe2 Rb8 12. Rfd1 Ba8 13. d4 cxd4 14. Nxd4 Nxd4 15. Bxd4 Bxg2 16. Kxg2 Qa5 17. Kg1 d5 18. cxd5 Nxd5 19. Nf3 Rbc8 20. Rac1 Nb4 21. Rxc8 Rxc8 22. Rd2 Qa3 23. Kg2 Qc1 24. Bb2 Qc6 25. a3 Nd5 26. h3 h6 27. Rd3 Bf6 28. Bxf6 gxf6 29. Qd2 Kg7 30. Kh2 Qc2 31. Qxc2 Rxc2 32. Rd2 Rc1 33. a4 bxa4 34. bxa4 Ra1 35. Rd4 Nc3 36. Rg4+ Kf8 37. Rf4 Ra2 38. Rxf6 Nd5 0-1

[Event "Las Palmas op"]
[Site "Las Palmas"]
[Date "1999.12.08"]
[Round "8"]
[White "Garcia Ilundain, David"]
[Black "Reinaldo Castineira, Roi"]
[Result "1/2-1/2"]
[WhiteElo "2510"]
[BlackElo "2325"]
[PlyCount "102"]
[EventDate "1999.12.01"]
[EventType "swiss"]
[EventRounds "9"]
[EventCountry "ESP"]
[SourceTitle "CBM 073 Extra"]
[Source "ChessBase"]
[SourceDate "2000.01.11"]
[SourceVersion "1"]
[SourceVersionDate "2000.01.11"]
[SourceQuality "1"]

1. d4 e6 2. Nf3 b6 3. g3 Bb7 4. c4 f5 5. Bg2 Bb4+ 6. Nbd2 Nf6 7. 0-0 0-0 8. b3 Ne4 9. Nxe4 Bxe4 10. Ng5 Bxg2 11. Kxg2 Be7 12. Nf3 Bf6 13. Qd3 d5 14. Ba3 Rf7 15. Rac1 Nc6 16. e3 Qd7 17. Rc2 dxc4 18. Qxc4 Na5 19. Qe2 Qd5 20. Rfc1 Rc8 21. Bb4 Nb7 22. Qa6 c6 23. Qc4 Qe4 24. Qe2 c5 25. Ba3 Rfc7 26. dxc5 Nxc5 27. b4 g5 28. Rc4 Qb7 29. bxc5 g4 30. e4 b5 31. c6 Qa6 32. Rc5 Qxa3 33. Ne1 Bd4 34. R5c2 Qd6 35. Rd1 Rxc6 36. Rxc6 Rxc6 37. Qxb5 e5 38. Nc2 fxe4 39. Nxd4 exd4 40. Rxd4 Qxd4 41. Qxc6 Kg7 42. Qe6 h5 43. Qf5 Qd3 44. Qg5+ Kf8 45. Qc5+ Kg8 46. Qg5+ Kf8 47. Qf6+ Kg8 48. Qe6+ Kg7 49. h3 Qf3+ 50. Kg1 gxh3 51. Qd7+ Kf6 1/2-1/2

[Event "Las Palmas op"]
[Site "Las Palmas"]
[Date "1999.12.07"]
[Round "7"]
[White "Lezcano Jaen, Pedro"]
[Black "Garcia Ilundain, David"]
[Result "1/2-1/2"]
[WhiteElo "2399"]
[BlackElo "2510"]
[PlyCount "30"]
[EventDate "1999.12.01"]
[EventType "swiss"]
[EventRounds "9"]
[EventCountry "ESP"]
[SourceTitle "CBM 073 Extra"]
[Source "ChessBase"]
[SourceDate "2000.01.11"]
[SourceVersion "1"]
[SourceVersionDate "2000.01.11"]
[SourceQuality "1"]

1. Nf3 f5 2. g3 Nf6 3. Bg2 d6 4. d4 g6 5. 0-0 Bg7 6. c3 0-0 7. Nbd2 Kh8 8. a4 a5 9. Qc2 Nc6 10. e4 fxe4 11. Nxe4 Bf5 12. Nh4 Nxe4 13. Bxe4 Bxe4 14. Qxe4 Qd7 15. f4 Rae8 1/2-1/2

[Event "Las Palmas op"]
[Site "Las Palmas"]
[Date "1999.12.06"]
[Round "6"]
[White "Garcia Ilundain, David"]
[Black "Brito Garcia, Alfredo"]
[Result "1/2-1/2"]
[WhiteElo "2510"]
[BlackElo "2390"]
[PlyCount "33"]
[EventDate "1999.12.01"]
[EventType "swiss"]
[EventRounds "9"]
[EventCountry "ESP"]
[SourceTitle "CBM 073 Extra"]
[Source "ChessBase"]
[SourceDate "2000.01.11"]
[SourceVersion "1"]
[SourceVersionDate "2000.01.11"]
[SourceQuality "1"]

1. d4 g6 2. Nf3 Bg7 3. g3 Nf6 4. Bg2 0-0 5. 0-0 d6 6. a4 Nbd7 7. a5 a6 8. d5 Re8 9. c4 e6 10. dxe6 Rxe6 11. Ra3 Re8 12. Nc3 Nc5 13. Nd4 c6 14. Qc2 Ng4 15. Rd1 Qc7 16. b3 Qe7 17. h3 1/2-1/2

[Event "Las Palmas op"]
[Site "Las Palmas"]
[Date "1999.12.05"]
[Round "5"]
[White "Roeder, Mathias"]
[Black "Garcia Ilundain, David"]
[Result "1/2-1/2"]
[WhiteElo "2426"]
[BlackElo "2510"]
[PlyCount "44"]
[EventDate "1999.12.01"]
[EventType "swiss"]
[EventRounds "9"]
[EventCountry "ESP"]
[SourceTitle "CBM 073 Extra"]
[Source "ChessBase"]
[SourceDate "2000.01.11"]
[SourceVersion "1"]
[SourceVersionDate "2000.01.11"]
[SourceQuality "1"]

1. d4 Nf6 2. c4 e6 3. Nf3 Bb4+ 4. Bd2 a5 5. Nc3 b6 6. Bg5 d6 7. e3 h6 8. Bh4 g5 9. Bg3 Ne4 10. Qc2 Bb7 11. Bd3 f5 12. d5 Bxc3+ 13. bxc3 exd5 14. cxd5 Bxd5 15. Nd4 Qf6 16. 0-0 Nd7 17. Nxf5 Ndc5 18. f3 Nxg3 19. hxg3 0-0-0 20. e4 Bb7 21. Rfe1 Kb8 22. Bc4 h5 1/2-1/2

[Event "Las Palmas op"]
[Site "Las Palmas"]
[Date "1999.12.01"]
[Round "1"]
[White "Milla de Marco, Carlos"]
[Black "Garcia Ilundain, David"]
[Result "0-1"]
[WhiteElo "2088"]
[BlackElo "2510"]
[PlyCount "55"]
[EventDate "1999.12.01"]
[EventType "swiss"]
[EventRounds "9"]
[EventCountry "ESP"]
[SourceTitle "CBM 073 Extra"]
[Source "ChessBase"]
[SourceDate "2000.01.11"]
[SourceVersion "1"]
[SourceVersionDate "2000.01.11"]
[SourceQuality "1"]

1. e4 c5 2. Nc3 Nc6 3. f4 g6 4. Nf3 Bg7 5. Bb5 Nd4 6. 0-0 e6 7. Bc4 Ne7 8. e5 d5 9. Nxd4 cxd4 10. Bb5+ Nc6 11. Ne2 Qb6 12. Bxc6+ bxc6 13. d3 0-0 14. Kh1 c5 15. Qe1 a5 16. Rf3 f6 17. Qh4 Ra7 18. Rh3 Bh8 19. f5 exf5 20. Nf4 fxe5 21. Nxd5 Qd8 22. Qxd8 Rxd8 23. Nb6 Be6 24. b3 e4 25. Ba3 a4 26. Nxa4 c4 27. Bc5 Ra6 28. Nb2 0-1

[Event "Catalunya-chT"]
[Site "Spain"]
[Date "1999.??.??"]
[Round "5"]
[White "De la Riva Aguado, Oscar"]
[Black "Garcia Ilundain, David"]
[Result "1/2-1/2"]
[WhiteElo "2535"]
[BlackElo "2550"]
[PlyCount "28"]
[EventDate "1999.??.??"]
[EventType "team"]
[EventRounds "9"]
[EventCountry "ESP"]
[SourceTitle "EXT 2000"]
[Source "ChessBase"]
[SourceDate "1999.11.16"]
[SourceVersion "1"]
[SourceVersionDate "1999.11.16"]
[SourceQuality "1"]

1. e4 c5 2. Nf3 d6 3. d4 cxd4 4. Nxd4 Nf6 5. Nc3 Nc6 6. Bg5 e6 7. Qd2 a6 8. 0-0-0 Bd7 9. f3 Qa5 10. h4 b5 11. Kb1 h6 12. Be3 Nxd4 13. Bxd4 b4 14. Ne2 e5 1/2-1/2

[Event "Paretana"]
[Site "Paretana"]
[Date "1999.??.??"]
[Round "3"]
[White "Garcia Ilundain, David"]
[Black "Narciso Dublan, Marc"]
[Result "1/2-1/2"]
[WhiteElo "2510"]
[BlackElo "2445"]
[PlyCount "26"]
[EventDate "1999.12.??"]
[EventType "tourn"]
[EventRounds "9"]
[EventCountry "ESP"]
[EventCategory "8"]
[SourceTitle "CBM 074 Extra"]
[Source "ChessBase"]
[SourceDate "2000.03.10"]
[SourceVersion "2"]
[SourceVersionDate "2000.03.10"]
[SourceQuality "1"]

1. Nf3 d5 2. d4 Nf6 3. c4 e6 4. Nc3 Be7 5. Bf4 0-0 6. e3 c5 7. dxc5 Nc6 8. Rc1 Bxc5 9. cxd5 exd5 10. Nxd5 Nxd5 11. Rxc5 Nxf4 12. Qxd8 Rxd8 13. exf4 Bg4 1/2-1/2

[Event "Montcada op"]
[Site "Montcada"]
[Date "1999.??.??"]
[Round "3"]
[White "Garcia Ilundain, David"]
[Black "Rosich Valles, Alfredo"]
[Result "1-0"]
[WhiteElo "2510"]
[BlackElo "2268"]
[PlyCount "53"]
[EventDate "1999.??.??"]
[EventType "swiss"]
[EventRounds "9"]
[EventCountry "ESP"]
[SourceTitle "EXT 2002"]
[Source "ChessBase"]
[SourceDate "2001.11.25"]
[SourceVersion "1"]
[SourceVersionDate "2001.11.25"]
[SourceQuality "1"]

1. d4 d5 2. Nf3 Bf5 3. c4 Bxb1 4. Rxb1 dxc4 5. Qa4+ c6 6. Qxc4 Nf6 7. e3 Nbd7 8. Bd3 e5 9. dxe5 Nxe5 10. Nxe5 Qa5+ 11. b4 Qxe5 12. b5 c5 13. b6 a6 14. Qa4+ Nd7 15. Ke2 Bd6 16. Rd1 c4 17. Qxc4 Nc5 18. Bb2 Qe7 19. Bf5 Rd8 20. Rd5 0-0 21. Rbd1 Ne6 22. g3 g6 23. Qc3 f6 24. Bxe6+ Qxe6 25. Qb3 Kg7 26. Ba3 Qg4+ 27. Kf1 1-0

[Event "Montcada op"]
[Site "Montcada"]
[Date "1999.??.??"]
[Round "8"]
[White "Gomez Jurado, Luis Alberto"]
[Black "Garcia Ilundain, David"]
[Result "0-1"]
[WhiteElo "2344"]
[BlackElo "2510"]
[PlyCount "54"]
[EventDate "1999.??.??"]
[EventType "swiss"]
[EventRounds "9"]
[EventCountry "ESP"]
[SourceTitle "EXT 2002"]
[Source "ChessBase"]
[SourceDate "2001.11.25"]
[SourceVersion "1"]
[SourceVersionDate "2001.11.25"]
[SourceQuality "1"]

1. d4 Nf6 2. Nf3 e6 3. c4 Bb4+ 4. Bd2 a5 5. g3 d5 6. Bg2 dxc4 7. Bxb4 axb4 8. Ne5 0-0 9. Nxc4 Qe7 10. Nbd2 Rd8 11. Nb3 Nbd7 12. 0-0 e5 13. e3 Ra6 14. Qc2 exd4 15. exd4 Nf8 16. Nc5 Ra7 17. Rfe1 Ne6 18. Nxe6 Bxe6 19. Ne5 Qd6 20. b3 c6 21. Red1 g6 22. Nd3 Bg4 23. f3 Bf5 24. Qf2 Qxd4 25. Nxb4 Qxd1+ 26. Rxd1 Rxd1+ 27. Bf1 Bh3 0-1

[Event "Catalunya-chT"]
[Site "Spain"]
[Date "1999.??.??"]
[Round "7"]
[White "Pomes Marcet, Juan"]
[Black "Garcia Ilundain, David"]
[Result "1/2-1/2"]
[WhiteElo "2440"]
[BlackElo "2550"]
[PlyCount "28"]
[EventDate "1999.??.??"]
[EventType "team"]
[EventRounds "9"]
[EventCountry "ESP"]
[SourceTitle "EXT 2000"]
[Source "ChessBase"]
[SourceDate "1999.11.16"]
[SourceVersion "1"]
[SourceVersionDate "1999.11.16"]
[SourceQuality "1"]

1. d4 Nf6 2. c4 e6 3. g3 d5 4. Bg2 Be7 5. Nf3 0-0 6. 0-0 dxc4 7. Qc2 a6 8. Qxc4 b5 9. Qc2 Bb7 10. Bd2 Be4 11. Qc1 Bb7 12. Qc2 Be4 13. Qc1 Nbd7 14. Ba5 Ra7 1/2-1/2